Regionálna nezamestnanosť v jednotlivých regiónoch SR a jej dopad na regionálny rozvoj diplomová práca

Salvato in:
Dettagli Bibliografici
Autore principale: Kotlárová, Lucia
Ente Autore: Národohospodárska fakulta EU. Katedra verejnej správy a regionálneho rozvoja
Altri autori: Novák, Marcel, 1979-
Natura: Libro
Lingua:slovacco
Pubblicazione: Bratislava 2010
Tags: Aggiungi Tag
Nessun Tag, puoi essere il primo ad aggiungerne!!

MARC

LEADER 00000nam$a2200000$$$4500
001 0120847
005 20240318123318.3
041 0 |a slo 
044 |a SK 
245 1 0 |a Regionálna nezamestnanosť v jednotlivých regiónoch SR a jej dopad na regionálny rozvoj  |b diplomová práca  |c Lucia Kotlárová ; škol. Marcel Novák 
264 1 |a Bratislava  |c 2010 
300 |a 81 s. 
100 1 |a Kotlárová, Lucia 
700 1 |a Novák, Marcel, 1979- 
710 2 |a Národohospodárska fakulta EU. Katedra verejnej správy a regionálneho rozvoja